00000000nam##2200000za#4500
0019.623815
003CaOODSP
00520200327175239
007ta
008150406|1996||||xxc|||||     f|0| 0 fre|d
020 |a0-662-81033-3
022 |a1188-7990
040 |aCaOODSP|bfre
043 |an-cn---
0861 |aEn1-17/23-1996F
1101 |aCanada. |bEnvironnement Canada. |bService de la protection de l'environnement.
24510|aSédiments contaminés: projet de démonstration d'une filière de traitement physico-chimique des sédiments contaminés au Port de Sorel / |cpar Jean-René Michaud et Andrée Poulin.
260 |aMontréal - Québec : |bEnvironnement Canada. |c1996.
300 |a4p. : |bfigures en couleur, tableaux ; |c28 cm.
4901 |aTechnologies Saint-Laurent|x1188-7990
500 |a«Le projet consistait à démontrer la faisabilité techno-économique d'une nouvelle filière de traitement physico-chimique de sédiments contaminés par des métaux lourds. Il s'agissait aussi de décontaminer les sédiments de façon à les rendre acceptables pour le dépôt dans un site terrestre autorisé.»--Page 1.
5203 |aLe projet consistait à démontrer la faisabilité techno-économique d'une nouvelle filière de traitement physico-chimique de sédiments contaminés par des métaux lourds. Il s'agissait aussi de décontaminer les sédiments de façon à les rendre acceptables pour le dépôt dans un site terrestre autorisé.--Page 1
563 |aDépliant
590 |a96-28|b1996-07-12
7201 |aMichaud, Jean-René
7201 |aPoulin, Andrée
77508|tContaminated sediment: demonstration project of a physico-chemical treatment process for contaminated sediment at the Port of Sorel / |w(CaOODSP)9.612937
7760#|tSédiments contaminés. Projet de démonstration d'une filière de traitement physico-chimique des sédiments contaminés au Port de Sorel |w(CaOODSP)9.601869
830#0|aTechnologies Saint-Laurent,|x1188-7990|w(CaOODSP)9.512939